|
|
|
|
| LEADER |
00729cam a2200217 7i4500 |
| 001 |
0000016403 |
| 005 |
20090630090000.0 |
| 008 |
070716 eng |
| 020 |
|
|
|a 0130254452 (pbk.)
|
| 020 |
|
|
|a 9780130254450
|
| 090 |
0 |
0 |
|a HM263
|b .C88 2000
|
| 100 |
1 |
|
|a Cutlip, Scott M
|
| 245 |
1 |
0 |
|a Effective public relations
|c Scott M. Cutlip, Allen H. Center, Glen M. Broom.
|
| 250 |
|
|
|a 8th ed.
|
| 260 |
|
|
|a Upper Saddle River, N.J.:
|b Prentice Hall,
|c 2000.
|
| 300 |
|
|
|a xx, 588 p.:
|b col. ill.;
|c 24 cm.
|
| 504 |
|
|
|a Includes bibliographical references and index
|
| 650 |
0 |
0 |
|a Public relations
|
| 700 |
1 |
|
|a Broom, Glen M
|
| 700 |
1 |
|
|a Center, Allen H
|
| 999 |
|
|
|a 0000027151
|b BOK
|c OPEN SHELF
|e 1st Floor, Bestari Jaya
|